000 00347cam a22001217a 4500
008 180718b2000 xxu||||| |||| 00| 0 eng d
082 _aF51x54 G748
100 _aGoyal, D.R.
245 _aRashtriya Swayamsewak Sangh
_cby D.R. Goyal
260 _aNew Delhi
_bRadhakrishna Parkashan
_c2000
300 _a303p.
650 _aRashtriya Swayam Sevak Sangh
999 _c394373
_d394373